U.S. Cities Over 100,000 - B - Statistics

General Stats
  • This quiz has been taken 218 times
    215 since last reset
  • The average score is 9 of 16
Answer Stats
Pop. City % Correct
625,087 Boston
100%
619,493 Baltimore
88%
212,413 Birmingham
74%
210,145 Boise
74%
261,025 Buffalo
73%
352,428 Bakersfield
68%
227,715 Baton Rouge
67%
105,636 Billings
57%
108,090 Boulder
57%
145,638 Bridgeport
44%
178,430 Brownsville
42%
118,299 Beaumont
41%
104,092 Burbank
41%
113,905 Berkeley
36%
124,798 Bellevue
32%
100,073 Broken Arrow
26%
No matching quizzes found
Score Distribution
Percent of People with Each Score
Percentile by Number Answered
Your Score History
You have not taken this quiz since the last reset